Vista normal Vista MARC

Entrada Geographic Name

Número de registros utilizados en: 1

001 - CONTROL NUMBER

  • control field: 38916

003 - CONTROL NUMBER IDENTIFIER

  • control field: OSt

005 - DATE AND TIME OF LATEST TRANSACTION

  • control field: 20230915232100.0

008 - FIXED-LENGTH DATA ELEMENTS

  • fixed length control field: 230915|| aca||aabn | a|a d

040 ## - CATALOGING SOURCE

  • Original cataloging agency: OSt
  • Transcribing agency: OSt

151 ## - HEADING--GEOGRAPHIC NAME

  • Geographic name: Colombia - Historia - Siglos XVI - XXI

670 ## - SOURCE DATA FOUND

  • Source citation: Work cat.: (OSt)33075: González Ortega, Nelson Arturo 38914, Colombia, una nación en formación en su historia y literatura (siglos XVI - XXI) : , c2013









Instituto Departamental de Cultura del Meta - Red Departamental de Bibliotecas Públicas del Meta.